[Event "Thüringenliga 2012/2013"]
[Site "?"]
[Date "2012.12.16"]
[Round "4"]
[White "Schmidt, Matthias"]
[Black "Schätz, Bianca"]
[Result "1/2-1/2"]
[WhiteElo "1946"]
[BlackElo "1892"]
[PlyCount "94"]
[EventDate "2012.??.??"]
[WhiteTeam "TSG Apolda"]
[BlackTeam "SG Arnstadt-Stadtilm"]

1. e4 c5 2. b3 Nc6 3. Bb2 Nf6 4. Nc3 e6 5. f4 d6 6. Nf3 Be7 7. Bb5 Bd7 8. O-O
O-O 9. d3 Ne8 10. Qe1 Nd4 11. Bxd7 Qxd7 12. Qf2 Nxf3+ 13. Qxf3 Bf6 14. Rae1
Bd4+ 15. Kh1 e5 16. Nd1 Bxb2 17. Nxb2 b5 18. Nd1 exf4 19. Qxf4 Qe6 20. Ne3 Rc8
21. c4 b4 22. Nf5 f6 23. Rf3 Rc7 24. Ref1 Rff7 25. Qg3 Kh8 26. Ne3 Qe5 27. Qg4
g6 28. Nd5 Rcd7 29. Qh4 Kg7 30. Qf2 a5 31. g4 Qe6 32. h3 Ra7 33. Kg2 Rab7 34.
Qb2 Qe5 35. Qd2 Ra7 36. h4 h5 37. g5 fxg5 38. hxg5 Rxf3 39. Rxf3 Rf7 40. Rxf7+
Kxf7 41. Qf4+ Qxf4 42. Nxf4 Nc7 43. Kf3 Ne6 44. Nh3 Nd4+ 45. Ke3 Nc6 46. Nf4
Nd4 47. Nh3 Ne6 1/2-1/2

[Event "Thüringenliga 2012/2013"]
[Site "?"]
[Date "2012.12.16"]
[Round "4"]
[White "Bächer, Reinhard"]
[Black "Steiger, Jürgen"]
[Result "0-1"]
[WhiteElo "1852"]
[BlackElo "1980"]
[PlyCount "90"]
[EventDate "2012.??.??"]
[WhiteTeam "SG Arnstadt-Stadtilm"]
[BlackTeam "TSG Apolda"]

1. d4 d6 2. e4 Nf6 3. Nc3 g6 4. Nf3 Bg7 5. Be2 O-O 6. O-O c6 7. Bg5 Qc7 8. Qd2
Nbd7 9. Bh6 b5 10. Bxg7 Kxg7 11. Bd3 Nb6 12. e5 Nfd5 13. Nxd5 Nxd5 14. h4 h5
15. Rfe1 Bg4 16. Nh2 Qd7 17. Qg5 Nb4 18. exd6 Nxd3 19. dxe7 Nxe1 20. exf8=Q+
Rxf8 21. Rxe1 Qxd4 22. c3 Qf6 23. Nxg4 Qxg5 24. hxg5 hxg4 25. Kh2 Rd8 26. Re2
Rd5 27. Kg3 Rxg5 28. Re7 Rd5 29. Rxa7 Rd2 30. b3 Rc2 31. Kxg4 Rxf2 32. Ra6
Rxg2+ 33. Kf3 Rc2 34. Rxc6 Rxa2 35. b4 Rh2 36. Ke3 Rh5 37. Ke4 f5+ 38. Ke5 Rh4
39. Rc7+ Kh6 40. Kf6 f4 41. Rc8 Kh5 42. Rc5+ Kg4 43. Kxg6 f3 44. Rxb5 f2 45.
Rg5+ Kf3 0-1

[Event "Thüringenliga 2012/2013"]
[Site "?"]
[Date "2012.12.16"]
[Round "4"]
[White "Einax, Claus-Dieter"]
[Black "Marufke, Kai"]
[Result "0-1"]
[WhiteElo "1834"]
[BlackElo "1862"]
[PlyCount "36"]
[EventDate "2012.??.??"]
[WhiteTeam "TSG Apolda"]
[BlackTeam "SG Arnstadt-Stadtilm"]

1. e4 e5 2. Nf3 d6 3. d4 exd4 4. Nxd4 Nf6 5. Nc3 Bd7 6. Bc4 Be7 7. O-O O-O 8.
h3 Nc6 9. f4 b6 10. a3 Nxd4 11. Qxd4 d5 12. b4 dxc4 13. e5 c5 14. Qxc4 Be6 15.
Qe2 Qd4+ 16. Be3 Qxc3 17. exf6 Bxf6 18. bxc5 Bc4 0-1

[Event "Thüringenliga 2012/2013"]
[Site "?"]
[Date "2012.12.16"]
[Round "4"]
[White "Schumacher, Andreas"]
[Black "Krug, Klaus-Peter"]
[Result "1/2-1/2"]
[WhiteElo "1686"]
[BlackElo "1895"]
[PlyCount "107"]
[EventDate "2012.??.??"]
[WhiteTeam "SG Arnstadt-Stadtilm"]
[BlackTeam "TSG Apolda"]

1. d4 f5 2. c4 Nf6 3. Nc3 b6 4. Qc2 e6 5. Bg5 Be7 6. e3 Bb7 7. f3 Nc6 8. a3 O-O
9. Bh4 Rc8 10. Bf2 Qe8 11. Bd3 Nd8 12. Nge2 c5 13. O-O d6 14. Rac1 g6 15. Qa4
Nd7 16. e4 Rf7 17. d5 e5 18. exf5 gxf5 19. Ng3 f4 20. Nge4 a6 21. Qc2 Rg7 22.
Be1 Nf7 23. Rd1 Rc7 24. Rd2 Bc8 25. Kh1 Nf8 26. Rg1 Kh8 27. g4 Qd8 28. Rdg2 Ng6
29. h3 Bh4 30. Bf2 Bd7 31. Qe2 Be8 32. Qe1 Bxf2 33. Qxf2 Nh4 34. Rh2 h6 35. Nd2
Rb7 36. Nce4 b5 37. b3 bxc4 38. bxc4 Rb2 39. Ra1 Ba4 40. Qe1 Qe7 41. Qc1 Rb7
42. Qe1 Rg8 43. Nc3 Bd7 44. Nce4 Rgb8 45. Rb1 Kg7 46. Rf2 Ba4 47. Qc1 Ng6 48.
Rh2 Rxb1 49. Bxb1 Nh4 50. Qe1 Bb3 51. Bd3 a5 52. Rf2 Ba2 53. Nc3 Bb3 54. Nde4
1/2-1/2

[Event "Thüringenliga 2012/2013"]
[Site "?"]
[Date "2012.12.16"]
[Round "4"]
[White "Siegl, Detlef"]
[Black "Walter, Bernd"]
[Result "1/2-1/2"]
[WhiteElo "1796"]
[BlackElo "1812"]
[PlyCount "98"]
[EventDate "2012.??.??"]
[WhiteTeam "TSG Apolda"]
[BlackTeam "SG Arnstadt-Stadtilm"]

1. e4 e6 2. Qe2 Be7 3. Nf3 d5 4. e5 c5 5. d3 Nc6 6. g3 Bd7 7. Bg2 h5 8. h4 Nh6
9. Bxh6 Rxh6 10. O-O Qb6 11. b3 O-O-O 12. Nbd2 Rg8 13. c3 f6 14. Bh3 fxe5 15.
Nxe5 Nxe5 16. Qxe5 Bf6 17. Qe2 g5 18. hxg5 Bxg5 19. Nf3 Qd8 20. Ne5 Qf6 21. d4
Bf4 22. Kh1 Bxe5 23. dxe5 Qg5 24. Rg1 Bc6 25. Kh2 h4 26. Qe3 Qxe3 27. fxe3
hxg3+ 28. Rxg3 Rxg3 29. Kxg3 Kd7 30. Bg4 Ke7 31. Rf1 Bb5 32. Rd1 Rh8 33. Bf3
Rg8+ 34. Kf2 Rf8 35. Rg1 Rf7 36. Rg4 Bd3 37. Rf4 b6 38. Kg3 Rg7+ 39. Rg4 Rxg4+
40. Kxg4 a5 41. a3 Bc2 42. b4 axb4 43. axb4 cxb4 44. cxb4 Kd7 45. Kg5 Ke7 46.
Bg2 Bd3 47. Bf3 Bf1 48. Bg4 Kf7 49. Bh5+ Ke7 1/2-1/2

[Event "Thüringenliga 2012/2013"]
[Site "?"]
[Date "2013.01.06"]
[Round "5"]
[White "Kottwitz, Daniel"]
[Black "Mehlhorn, Uwe"]
[Result "0-1"]
[WhiteElo "1887"]
[BlackElo "2104"]
[PlyCount "80"]
[EventDate "2013.??.??"]
[WhiteTeam "Schachzirkel Elstertal Langenberg"]
[BlackTeam "Ilmenauer SV"]

1. e4 b6 2. d4 Bb7 3. Nc3 e6 4. a3 g6 5. Nf3 Bg7 6. Bg5 Ne7 7. Be2 d6 8. O-O h6
9. Be3 O-O 10. Qd2 Kh7 11. a4 a6 12. Rfe1 Nd7 13. Rad1 Qe8 14. Bd3 Ng8 15. h3
Qe7 16. Bf4 Rfd8 17. Ne2 e5 18. Bh2 Ngf6 19. d5 Nc5 20. Nc3 a5 21. Bb5 Rf8 22.
Re2 Ng8 23. Ne1 f5 24. f3 Bf6 25. Nd3 Nxd3 26. Bxd3 f4 27. Kh1 Bh4 28. Bg1 Nf6
29. Bf2 Bg3 30. Bxg3 fxg3 31. Ree1 Nh5 32. Ne2 Qh4 33. Ng1 Rf7 34. Bf1 Raf8 35.
Re3 g5 36. Be2 Nf4 37. Bf1 Bc8 38. Qc1 h5 39. Rc3 g4 40. fxg4 hxg4 0-1

[Event "Thüringenliga 2012/2013"]
[Site "?"]
[Date "2013.01.06"]
[Round "5"]
[White "Töpfer, Albrecht"]
[Black "Sobolevsky, Leonid"]
[Result "1/2-1/2"]
[WhiteElo "1932"]
[BlackElo "2104"]
[PlyCount "145"]
[EventDate "2013.??.??"]
[WhiteTeam "Ilmenauer SV"]
[BlackTeam "Schachzirkel Elstertal Langenberg"]

1. c4 e5 2. g3 Nc6 3. Bg2 Nf6 4. Nc3 Bb4 5. Nd5 a5 6. a3 Bc5 7. d3 d6 8. Nf3 h6
9. O-O Bg4 10. h3 Be6 11. Nd2 Bxd5 12. cxd5 Ne7 13. e4 c6 14. dxc6 bxc6 15. Nb3
Bb6 16. d4 a4 17. dxe5 dxe5 18. Nd2 Qd3 19. Qf3 Qc2 20. Qd1 Qxd1 21. Rxd1 O-O-O
22. Rf1 Rd4 23. Nb1 Rc4 24. Nc3 Rd8 25. Be3 Bxe3 26. fxe3 Rd3 27. Rfe1 Rd2 28.
Rab1 Kc7 29. Red1 Rxd1+ 30. Rxd1 Nc8 31. Kh2 Nd6 32. Bf1 Rc5 33. Bd3 Ra5 34.
Kg2 Nd7 35. Kf3 Nc5 36. Be2 Ne6 37. Bd3 g6 38. g4 Ra8 39. Kg3 Nc5 40. Bc2 Nc4
41. Rf1 Rf8 42. Nxa4 Nxe3 43. Rf2 Ne6 44. Bb3 Nf4 45. Kf3 Rb8 46. Nc5 Kd6 47.
Kxe3 Kxc5 48. Rc2+ Kd6 49. Bxf7 Rf8 50. Bc4 h5 51. a4 Ra8 52. b3 Nxh3 53. gxh5
gxh5 54. Ra2 Kc5 55. a5 Nf4 56. a6 Kb6 57. Rh2 h4 58. Kf3 h3 59. Kg4 Rf8 60.
Kg5 Kc5 61. Kg4 Kd4 62. Kf3 Nd5+ 63. Kg3 Nb6 64. Kxh3 Nxc4 65. bxc4 Kxe4 66.
Ra2 Kd4 67. a7 Ra8 68. Kg4 Kxc4 69. Kf5 Kd5 70. Rd2+ Kc5 71. Kxe5 Rxa7 72. Rc2+
Kb6 73. Kd6 1/2-1/2

[Event "Thüringenliga 2012/2013"]
[Site "?"]
[Date "2013.01.06"]
[Round "5"]
[White "Watzke, Birger"]
[Black "Rempel, Patrick"]
[Result "1/2-1/2"]
[WhiteElo "2154"]
[BlackElo "2023"]
[PlyCount "132"]
[EventDate "2013.??.??"]
[WhiteTeam "Schachzirkel Elstertal Langenberg"]
[BlackTeam "Ilmenauer SV"]

1. c4 e5 2. g3 Nc6 3. Bg2 g6 4. e3 Bg7 5. Ne2 Nge7 6. Nbc3 d6 7. O-O h5 8. d4
h4 9. dxe5 Nxe5 10. f4 N5c6 11. e4 Bg4 12. Be3 Qd7 13. c5 hxg3 14. cxd6 Bxc3
15. bxc3 Rxh2 16. dxe7 Qxd1 17. Rfxd1 Bxe2 18. Rd2 Bg4 19. Rb1 Rb8 20. e5 Na5
21. Bxa7 Ra8 22. Bc5 Nc4 23. Rd4 Na5 24. Rb5 Nc6 25. Rd3 Nxe7 26. Rxg3 Bd7 27.
Rxb7 Rh4 28. Rxc7 Rb8 29. Bxe7 Kxe7 30. Bh3 Rxh3 31. Rxh3 Kd8 32. Rxd7+ Kxd7
33. Rh2 Rb1+ 34. Kg2 Rc1 35. Kf3 Rxc3+ 36. Ke4 Ke6 37. Rd2 Rc4+ 38. Rd4 Rc5 39.
Rd6+ Ke7 40. Rd4 Ra5 41. a4 f6 42. exf6+ Kxf6 43. Rb4 g5 44. Rb6+ Ke7 45. fxg5
Rxa4+ 46. Kf5 Kf7 47. Rb7+ Kg8 48. Rb6 Kf7 49. Rb7+ Kg8 50. Kg6 Ra6+ 51. Kh5
Rc6 52. Re7 Ra6 53. Kg4 Kf8 54. Rd7 Rb6 55. Kf5 Ra6 56. Rh7 Kg8 57. Re7 Ra1 58.
Kf6 Kf8 59. Re6 Ra8 60. Rb6 Kg8 61. Kg6 Rc8 62. Kh6 Ra8 63. Rb7 Rc8 64. Re7 Ra8
65. g6 Rb8 66. Rg7+ Kh8 1/2-1/2

[Event "Thüringenliga 2012/2013"]
[Site "?"]
[Date "2013.01.06"]
[Round "5"]
[White "Streit, Michael"]
[Black "Leuner, Klaus"]
[Result "1/2-1/2"]
[WhiteElo "1893"]
[BlackElo "1871"]
[PlyCount "39"]
[EventDate "2013.??.??"]
[WhiteTeam "Schachzirkel Elstertal Langenberg"]
[BlackTeam "Ilmenauer SV"]

1. e4 c5 2. Nf3 d6 3. Nc3 Nc6 4. d4 cxd4 5. Nxd4 Nf6 6. Bb5 Bd7 7. O-O a6 8.
Bxc6 bxc6 9. Bg5 e6 10. Qf3 Be7 11. Rad1 Qc7 12. b3 h6 13. Bh4 O-O 14. Rfe1 c5
15. Nde2 Bc6 16. Qd3 Rfd8 17. a4 Qb7 18. f3 Rd7 19. Bf2 Rad8 20. Ng3 1/2-1/2

[Event "Thüringenliga 2012/2013"]
[Site "?"]
[Date "2013.01.06"]
[Round "5"]
[White "Schenk, Stefan"]
[Black "Streit, Jürgen"]
[Result "1/2-1/2"]
[WhiteElo "1901"]
[BlackElo "1710"]
[PlyCount "83"]
[EventDate "2013.??.??"]
[WhiteTeam "Ilmenauer SV"]
[BlackTeam "Schachzirkel Elstertal Langenberg"]

1. e4 c5 2. c3 g6 3. d4 cxd4 4. cxd4 Bg7 5. Nf3 d6 6. Bc4 Nf6 7. Nc3 O-O 8. Bb3
Nc6 9. O-O Bg4 10. Be3 Nd7 11. Bd5 Bxf3 12. gxf3 Kh8 13. Qd2 f5 14. Ne2 e5 15.
Bxc6 bxc6 16. Bh6 Qh4 17. Bxg7+ Kxg7 18. Qd3 Rf6 19. f4 exf4 20. Qf3 fxe4 21.
Qxe4 Qg4+ 22. Kh1 d5 23. Qd3 f3 24. Rg1 Qh4 25. Ng3 Rf4 26. Nf5+ Rxf5 27. Qxf5
Nf6 28. Qxf3 Ne4 29. Rg2 Rf8 30. Qe3 Nxf2+ 31. Kg1 Nh3+ 32. Kh1 Nf2+ 33. Kg1
Ng4 34. Qe2 Nf6 35. Rf1 Qxd4+ 36. Kh1 Re8 37. Qf2 Qe5 38. Rg3 Rf8 39. Rf3 Qe4
40. Kg1 Qg4+ 41. Rg3 Qe6 42. Rf3 1/2-1/2

[Event "Thüringenliga 2012/2013"]
[Site "?"]
[Date "2013.01.06"]
[Round "5"]
[White "Schaudin, Andreas"]
[Black "Ortlepp, Steffen"]
[Result "0-1"]
[WhiteElo "1583"]
[BlackElo "1819"]
[PlyCount "86"]
[EventDate "2013.??.??"]
[WhiteTeam "Schachzirkel Elstertal Langenberg"]
[BlackTeam "Ilmenauer SV"]

1. Nf3 Nf6 2. b3 d5 3. Bb2 c5 4. e3 g6 5. Be2 Bg7 6. d3 O-O 7. Nbd2 Nc6 8. O-O
Bf5 9. Rb1 Rc8 10. Nh4 Be6 11. Nhf3 Bf5 12. Nh4 Be6 13. Nhf3 d4 14. e4 Qc7 15.
a4 a6 16. Ba3 b6 17. Bc1 Bg4 18. h3 Bxf3 19. Nxf3 b5 20. axb5 axb5 21. Nd2 Ra8
22. f4 e6 23. Bb2 Nb4 24. c4 dxc3 25. Bxc3 Nc6 26. Rc1 Qb6 27. Kh1 Ra2 28. Bxf6
Bxf6 29. e5 Be7 30. Ne4 Kg7 31. Bf3 Nd4 32. Nc3 Ra3 33. Rb1 Qa5 34. Ne4 Qb4 35.
Nd2 Nf5 36. Ne4 Ne3 37. Qe1 Nxf1 38. Qxf1 Rxb3 39. Rd1 Rd8 40. Qf2 Qd4 41. Qg3
Rxd3 42. Re1 Re3 43. Rd1 Qxd1+ 0-1

[Event "Thüringenliga 2012/2013"]
[Site "?"]
[Date "2013.01.06"]
[Round "5"]
[White "Müller, Julian"]
[Black "Gölles, Michael"]
[Result "1-0"]
[WhiteElo "1729"]
[BlackElo "1603"]
[PlyCount "67"]
[EventDate "2013.??.??"]
[WhiteTeam "Ilmenauer SV"]
[BlackTeam "Schachzirkel Elstertal Langenberg"]

1. e4 e6 2. d4 d5 3. Nc3 Bb4 4. e5 c5 5. a3 Bxc3+ 6. bxc3 Ne7 7. Qg4 Qa5 8. Bd2
Qa4 9. Qxg7 Rg8 10. Qxh7 cxd4 11. Ne2 Nbc6 12. f4 Rg6 13. Ra2 Nf5 14. Qh3 Rh6
15. Qd3 Rg6 16. h3 Qc4 17. Qxc4 dxc4 18. g4 dxc3 19. Nxc3 Ng3 20. Rg1 Nxf1 21.
Rxf1 a6 22. Ne4 b5 23. Nd6+ Ke7 24. a4 Rb8 25. axb5 axb5 26. Rb2 Ba6 27. Kf2 c3
28. Bxc3 b4 29. Rfb1 Rgg8 30. Bxb4 Nxb4 31. Rxb4 Rxb4 32. Rxb4 f6 33. exf6+
Kxd6 34. Rb6+ 1-0

[Event "Thüringenliga 2012/2013"]
[Site "?"]
[Date "2013.01.06"]
[Round "5"]
[White "Buckan, Jens"]
[Black "Langheinrich, Ferenc"]
[Result "1/2-1/2"]
[WhiteElo "1965"]
[BlackElo "2330"]
[PlyCount "65"]
[EventDate "2013.??.??"]
[WhiteTeam "SV Empor Erfurt"]
[BlackTeam "SC 51 Nordhausen"]

1. e4 c6 2. d4 d5 3. Nc3 dxe4 4. Nxe4 Nd7 5. Bf4 Ngf6 6. Bd3 Qb6 7. Ne2 Qxb2 8.
O-O Qb6 9. c4 g6 10. Re1 Nxe4 11. Bxe4 Bg7 12. Rb1 Qa6 13. d5 Qxc4 14. dxc6
Qxe4 15. cxd7+ Bxd7 16. Bd6 O-O 17. Nf4 Qc4 18. Bxe7 Bc6 19. Bxf8 Rxf8 20. Qd2
Qc5 21. Red1 Kh8 22. Rbc1 Qf5 23. h3 h5 24. Qd6 Re8 25. Rxc6 bxc6 26. Qxc6 Rc8
27. Qd7 Qc2 28. Rd2 Qb1+ 29. Kh2 Qb8 30. g3 Rf8 31. Qe7 Be5 32. Nd3 Bg7 33. Nf4
1/2-1/2

[Event "Thüringenliga 2012/2013"]
[Site "?"]
[Date "2013.01.06"]
[Round "5"]
[White "Königsmann, Marcus"]
[Black "Pichl, Michael"]
[Result "0-1"]
[WhiteElo "1907"]
[BlackElo "1978"]
[PlyCount "82"]
[EventDate "2013.??.??"]
[WhiteTeam "SC 51 Nordhausen"]
[BlackTeam "SV Empor Erfurt"]

1. e4 g6 2. d4 Bg7 3. f4 c5 4. c3 cxd4 5. cxd4 d5 6. e5 Nc6 7. Nf3 Bg4 8. Be2
e6 9. Be3 Nh6 10. Nbd2 Nf5 11. Qb3 O-O 12. Bf2 Na5 13. Qa4 a6 14. b4 Nc4 15.
Bxc4 dxc4 16. Qa3 Qd5 17. O-O Rfd8 18. h3 Bxf3 19. Nxf3 Bf8 20. Qb2 b5 21. Rfe1
a5 22. a3 axb4 23. axb4 Rxa1 24. Rxa1 Ra8 25. Ra5 Rc8 26. Be1 Ne7 27. Kf2 Nc6
28. Ra6 Qe4 29. g3 Ne7 30. Ra5 Nd5 31. Rxb5 Qe3+ 32. Kg2 c3 33. Qc2 Ra8 34. Bf2
Ra1 35. Rxd5 Rc1 36. Qa2 Qd3 37. Ne1 Qe4+ 38. Kh2 Qxd5 39. Qa3 Rb1 40. Qxc3
Bxb4 41. Qf3 Bxe1 0-1

[Event "Thüringenliga 2012/2013"]
[Site "?"]
[Date "2013.01.06"]
[Round "5"]
[White "Taudte, Stefan"]
[Black "Koksch, Robert"]
[Result "1/2-1/2"]
[WhiteElo "1979"]
[BlackElo "1934"]
[PlyCount "40"]
[EventDate "2013.??.??"]
[WhiteTeam "SV Empor Erfurt"]
[BlackTeam "SC 51 Nordhausen"]

1. d4 d5 2. c4 c6 3. Nf3 Nf6 4. Nc3 dxc4 5. a4 Bf5 6. e3 e6 7. Bxc4 Bb4 8. O-O
O-O 9. Qb3 Qe7 10. Bd2 a5 11. Rfe1 Nbd7 12. e4 Bg4 13. Ne5 Nxe5 14. dxe5 Nd7
15. f4 Rfd8 16. Be3 g5 17. h3 gxf4 18. Bxf4 Bh5 19. Kh2 Nc5 20. Qc2 Rd4 1/2-1/2

[Event "Thüringenliga 2012/2013"]
[Site "?"]
[Date "2013.01.06"]
[Round "5"]
[White "Schilling, Rolf"]
[Black "Schmuck, Helmut"]
[Result "1-0"]
[WhiteElo "1956"]
[BlackElo "1924"]
[PlyCount "118"]
[EventDate "2013.??.??"]
[WhiteTeam "SC 51 Nordhausen"]
[BlackTeam "SV Empor Erfurt"]

1. e4 c5 2. Nf3 Nc6 3. d4 cxd4 4. Nxd4 Nf6 5. Nc3 e5 6. Nde2 Bb4 7. a3 Bc5 8.
b4 Bb6 9. h3 h6 10. Qd3 O-O 11. Be3 Bxe3 12. fxe3 Nh5 13. O-O-O Qh4 14. g4 Nf6
15. Rg1 a6 16. Ng3 d6 17. Nd5 Be6 18. Nc7 Rad8 19. Nd5 b5 20. Nf5 Bxf5 21. gxf5
Nxd5 22. Qxd5 Qf2 23. Bd3 Qxe3+ 24. Kb1 Rc8 25. Qxd6 Kh7 26. Qd7 Nd4 27. f6 g6
28. h4 h5 29. Rg2 Nf3 30. Re2 Qd4 31. Bxb5 Qb6 32. Bd3 Rcd8 33. Qa4 Nd4 34.
Ree1 Rd6 35. Rf1 Rxf6 36. Rxf6 Qxf6 37. Qxa6 Qxa6 38. Bxa6 Ra8 39. Bd3 Rxa3 40.
Kb2 Ra7 41. c3 Nf3 42. Rh1 Rd7 43. Kc2 Kh6 44. b5 g5 45. hxg5+ Kxg5 46. b6 Rb7
47. Be2 Nh4 48. Rb1 Kf4 49. Ba6 Rb8 50. b7 Ng6 51. Rf1+ Kg5 52. Rxf7 h4 53. Rh7
Kg4 54. Rg7 Kg5 55. Bf1 Kh6 56. Rd7 Nf4 57. c4 Ng6 58. c5 Nf8 59. Rc7 Kg6 1-0

[Event "Thüringenliga 2012/2013"]
[Site "?"]
[Date "2013.01.06"]
[Round "5"]
[White "Michalowski, Peter"]
[Black "Reichardt, Hans-Ulrich"]
[Result "1-0"]
[WhiteElo "1945"]
[BlackElo "1682"]
[PlyCount "101"]
[EventDate "2013.??.??"]
[WhiteTeam "SV Empor Erfurt"]
[BlackTeam "SC 51 Nordhausen"]

1. e4 e6 2. d4 d5 3. Nc3 Nf6 4. Bg5 Be7 5. e5 Ne4 6. Bxe7 Qxe7 7. Nxe4 dxe4 8.
Qd2 Nd7 9. O-O-O a5 10. Ne2 b6 11. Ng3 Bb7 12. Qe3 Qh4 13. Bb5 Rd8 14. Rhe1 O-O
15. Nxe4 Bxe4 16. Qxe4 Qg5+ 17. f4 Qe7 18. Re3 g6 19. Rc3 f5 20. Qc6 Rf7 21.
Qxc7 g5 22. g3 gxf4 23. gxf4 Qh4 24. Rg3+ Kh8 25. Rf1 Qe7 26. Rfg1 h6 27. Bxd7
Qxd7 28. Qxd7 Rfxd7 29. c3 Kh7 30. Rg6 Re8 31. Kd2 b5 32. Ke3 Rc7 33. Rf6 Rg7
34. Rxg7+ Kxg7 35. b3 Re7 36. c4 bxc4 37. bxc4 a4 38. d5 exd5 39. cxd5 Rb7 40.
Ra6 Rb4 41. Ra7+ Kf8 42. d6 Ke8 43. e6 Re4+ 44. Kd3 Rxe6 45. Re7+ Rxe7 46. dxe7
Kxe7 47. Kd4 Kd6 48. a3 Kc6 49. Ke5 Kc5 50. Kxf5 Kc4 51. Kg6 1-0

[Event "Thüringenliga 2012/2013"]
[Site "?"]
[Date "2013.01.06"]
[Round "5"]
[White "Viererbe, Hartmut"]
[Black "Wahlicht, Mike"]
[Result "1/2-1/2"]
[WhiteElo "1607"]
[BlackElo "1830"]
[PlyCount "82"]
[EventDate "2013.??.??"]
[WhiteTeam "SC 51 Nordhausen"]
[BlackTeam "SV Empor Erfurt"]

1. Nf3 Nf6 2. c4 e6 3. Nc3 b6 4. g3 Be7 5. Bg2 c6 6. O-O d5 7. cxd5 cxd5 8. d4
O-O 9. Ne5 Bb7 10. Bd2 Nbd7 11. f4 Rc8 12. Rc1 Nb8 13. Bh3 Ne4 14. f5 f6 15.
Nf3 Nxd2 16. Qxd2 exf5 17. Bxf5 Rc6 18. e4 Bb4 19. a3 Bxc3 20. bxc3 g6 21. exd5
Qxd5 22. Bb1 Ba6 23. Rf2 Kg7 24. Re1 Bc4 25. Be4 Qd6 26. Bxc6 Nxc6 27. Qf4 Qxf4
28. gxf4 Rd8 29. Nd2 Bf7 30. Rfe2 Rd5 31. Nf3 Rf5 32. Kf2 Rxf4 33. Re4 Rf5 34.
Kg3 h5 35. h4 Ra5 36. Ra1 g5 37. hxg5 fxg5 38. Ne5 Nxe5 39. Rxe5 Rxe5 40. dxe5
Kf8 41. Rf1 Ke7 1/2-1/2

[Event "Thüringenliga 2012/2013"]
[Site "?"]
[Date "2013.01.06"]
[Round "5"]
[White "Renner, Wolfgang"]
[Black "Peter, Ralf"]
[Result "1-0"]
[WhiteElo "1761"]
[BlackElo "1567"]
[PlyCount "123"]
[EventDate "2013.??.??"]
[WhiteTeam "SV Empor Erfurt"]
[BlackTeam "SC 51 Nordhausen"]

1. Nf3 Nf6 2. c4 d6 3. Nc3 e5 4. g3 Be7 5. Bg2 O-O 6. d4 exd4 7. Nxd4 c6 8. O-O
Nbd7 9. Nf5 Ne5 10. Nxe7+ Qxe7 11. b3 Bf5 12. Bb2 Rad8 13. Qd4 a6 14. Rfe1 Rfe8
15. Rad1 Ng6 16. e4 Bc8 17. Rd2 Qe5 18. Qb6 Qc5 19. Qxc5 dxc5 20. Red1 Rxd2 21.
Rxd2 Ne5 22. Na4 Ned7 23. f3 b5 24. cxb5 cxb5 25. Nc3 Nb6 26. Ne2 c4 27. Rd6
Nfd7 28. Bh3 cxb3 29. axb3 Nc5 30. Bf1 Nbd7 31. Nd4 Ne5 32. Ba3 Ne6 33. Nxe6
fxe6 34. Kf2 Nf7 35. Rd4 Rd8 36. Ke3 e5 37. Rxd8+ Nxd8 38. Be2 Nc6 39. f4 exf4+
40. gxf4 Kf7 41. h4 g6 42. Bc5 b4 43. Bc4+ Be6 44. Bxa6 Bxb3 45. Bb5 Nd8 46.
Bxb4 Ne6 47. Bd6 Ba2 48. Bd3 h6 49. Kf3 Nd4+ 50. Kg4 Be6+ 51. f5 h5+ 52. Kg5
gxf5 53. exf5 Bd5 54. Kxh5 Kf6 55. Kg4 Bf7 56. Kf4 Nc6 57. Be4 Nd8 58. Be5+ Ke7
59. Kg5 Kf8 60. h5 Kg8 61. Bf6 Bxh5 62. Kxh5 1-0

[Event "Thüringenliga 2012/2013"]
[Site "?"]
[Date "2013.01.06"]
[Round "5"]
[White "Hüllenhagen, Andreas"]
[Black "Strauch, Martin"]
[Result "0-1"]
[WhiteElo "1657"]
[BlackElo "1772"]
[PlyCount "72"]
[EventDate "2013.??.??"]
[WhiteTeam "SC 51 Nordhausen"]
[BlackTeam "SV Empor Erfurt"]

1. d4 d6 2. Nf3 g6 3. Nbd2 Bg7 4. e4 Nf6 5. Bd3 O-O 6. O-O Nbd7 7. Re1 Nb6 8.
a4 Bg4 9. h3 Bxf3 10. Nxf3 c5 11. a5 Nbd7 12. e5 Ne8 13. e6 fxe6 14. Ng5 Nc7
15. dxc5 Nxc5 16. Re3 Nxd3 17. Qxd3 Qd7 18. Rg3 Rf5 19. Be3 Bxb2 20. Rb1 Be5
21. f4 Bg7 22. Rxb7 Qc6 23. Rxa7 Rd5 24. Rxa8+ Qxa8 25. Qc4 Qxa5 26. Kh2 h6 27.
Nxe6 Nxe6 28. Rxg6 Nf8 29. Qc8 Kh7 30. Rg3 Rf5 31. Bb6 Qd5 32. Bd8 Rf7 33. Qg4
Qf5 34. Qe2 Qxf4 35. Bxe7 Be5 36. Qd3+ Kh8 0-1

[Event "Thüringenliga 2012/2013"]
[Site "?"]
[Date "2013.01.06"]
[Round "5"]
[White "Sauer, Marko"]
[Black "Hermannsdörfer, Frank"]
[Result "1-0"]
[WhiteElo "1979"]
[BlackElo "2137"]
[PlyCount "107"]
[EventDate "2013.??.??"]
[WhiteTeam "SG Arnstadt-Stadtilm"]
[BlackTeam "SV 1861 Liebschwitz"]

1. d4 Nf6 2. Nf3 d6 3. c4 Bf5 4. Qb3 Qc8 5. Nc3 g6 6. e3 Bg7 7. Be2 O-O 8. h3
Ne4 9. Nh4 Nxc3 10. Nxf5 Qxf5 11. bxc3 b6 12. Bf3 c6 13. a4 Qd3 14. a5 Nd7 15.
Be2 Qe4 16. O-O Qe6 17. Bg4 f5 18. Bf3 Rac8 19. axb6 axb6 20. Qa4 d5 21. cxd5
cxd5 22. Qb5 Nf6 23. Ra6 Rb8 24. Ba3 Ne4 25. Ra7 Bf6 26. c4 dxc4 27. Bxe4 Qxe4
28. Qxc4+ Kh8 29. Qc7 Rfe8 30. Rd1 b5 31. Bb4 Rbc8 32. Qa5 Qc2 33. Ra1 Qe2 34.
Qa3 Rc2 35. Rf1 Bh4 36. Be1 Rec8 37. Ra8 Rxa8 38. Qxa8+ Kg7 39. Qa1 b4 40. d5+
Bf6 41. Qa5 b3 42. d6 exd6 43. Qa7+ Kh6 44. Qf7 b2 45. Qxf6 b1=Q 46. g4 Qxf1+
47. Kxf1 Qb5+ 48. Kg1 fxg4 49. Qf8+ Kh5 50. hxg4+ Kxg4 51. Qf4+ Kh5 52. Qh2+
Kg4 53. f3+ Kxf3 54. Qf4+ 1-0

[Event "Thüringenliga 2012/2013"]
[Site "?"]
[Date "2013.01.06"]
[Round "5"]
[White "Zeidler, Andreas"]
[Black "Widmann, Benjamin"]
[Result "1-0"]
[WhiteElo "2104"]
[BlackElo "1853"]
[PlyCount "97"]
[EventDate "2013.??.??"]
[WhiteTeam "SV 1861 Liebschwitz"]
[BlackTeam "SG Arnstadt-Stadtilm"]

1. d4 d5 2. c4 c6 3. e3 Nf6 4. Nc3 e6 5. Nf3 Bd6 6. Bd3 Nbd7 7. O-O O-O 8. e4
dxe4 9. Nxe4 Nxe4 10. Bxe4 Nf6 11. Bc2 c5 12. Bg5 cxd4 13. Qd3 g6 14. Qxd4 Be7
15. Qh4 Re8 16. Ne5 Nd7 17. Nxf7 Bxg5 18. Nxg5 Nf8 19. Rad1 Qf6 20. Ba4 Re7 21.
Rd8 h5 22. Rfd1 Qxb2 23. Qf4 Qg7 24. c5 b5 25. Bxb5 Bb7 26. h4 Rxd8 27. Rxd8
Bd5 28. Qd6 Rb7 29. Nxe6 Bxe6 30. Qxe6+ Kh7 31. Qe8 Rf7 32. Qe2 Re7 33. Qc2 Ne6
34. Rd6 Nd4 35. Qd3 Re1+ 36. Kh2 Nxb5 37. Rd7 Re7 38. Rxe7 Qxe7 39. Qxb5 Qe5+
40. g3 Qd4 41. Kg1 Qa1+ 42. Kg2 Qxa2 43. Qd7+ Kh6 44. c6 Qc2 45. Qe8 Kh7 46.
Qe7+ Kh6 47. c7 Qc6+ 48. Kh2 Qf3 49. Qe3+ 1-0

[Event "Thüringenliga 2012/2013"]
[Site "?"]
[Date "2013.01.06"]
[Round "5"]
[White "Schätz, Bianca"]
[Black "Gerhardt, Frank"]
[Result "0-1"]
[WhiteElo "1880"]
[BlackElo "2014"]
[PlyCount "150"]
[EventDate "2013.??.??"]
[WhiteTeam "SG Arnstadt-Stadtilm"]
[BlackTeam "SV 1861 Liebschwitz"]

1. e4 c5 2. Nf3 Nc6 3. d4 cxd4 4. Nxd4 Nf6 5. Nc3 e5 6. Ndb5 d6 7. Bg5 a6 8.
Na3 b5 9. Nd5 Be7 10. Bxf6 Bxf6 11. c4 b4 12. Nc2 O-O 13. g3 a5 14. Bg2 Be6 15.
Nde3 Qc7 16. Qd3 Rfd8 17. O-O Nd4 18. h4 Rac8 19. b3 Nxc2 20. Qxc2 Be7 21. Kh2
Qb6 22. Qd3 Rc5 23. Bh3 Qb7 24. Rfd1 Qc8 25. Qf1 Qb7 26. f3 Ra8 27. Bg4 a4 28.
Qh3 Bxg4 29. Nxg4 Rca5 30. Qf1 Qa7 31. Rab1 axb3 32. axb3 Ra2+ 33. Kh1 h5 34.
Nh2 Qf2 35. Qxf2 Rxf2 36. Rf1 Raa2 37. Rxf2 Rxf2 38. Kg1 Ra2 39. Rd1 Rb2 40.
Rd3 g5 41. hxg5 Bxg5 42. Nf1 Kf8 43. Ne3 Bxe3+ 44. Rxe3 Ke7 45. f4 Ke6 46. f5+
Kf6 47. Rd3 Kg5 48. Rxd6 Rxb3 49. Kf2 Rc3 50. Rd5 Rxc4 51. Rxe5 b3 52. Rb5 Rc2+
53. Kf3 Rc3+ 54. Kf2 Kg4 55. f6 Rf3+ 56. Ke2 Rxg3 57. e5 Kf5 58. Kf2 Rc3 59.
e6+ Kxe6 60. Rxh5 Kxf6 61. Rb5 Kg6 62. Ke2 f5 63. Kd2 Rh3 64. Ke2 Kg5 65. Kf2
Kg4 66. Rb4+ f4 67. Rb8 Rh2+ 68. Kg1 Rb2 69. Rg8+ Kf3 70. Rc8 Rc2 71. Rb8 b2
72. Rb3+ Kg4 73. Kf1 Rc1+ 74. Kg2 b1=Q 75. Rg3+ Kf5 0-1